LEADER 01255nam a2200265 u 4500 001 000000037876 003 CaOOAMICUS 005 20070226113820.0 008 980417n it a u000 u ita u 035 $a10790852 040 $aPUL$bita 100 1 $aBorsari, Luigi.$0(OLS)http://pul/name/28374 245 10$aAll'inclito tribunale Pontificio di appellazione sedente in Bologna difesa dell'avvocato Lugi Borsari in favore di Giuseppe Giuliani .. 260 $aBologna :$bTipi della Volpe e del Nobili,$c[s.d.] 300 $a83 p., [1] c. di tav. ripieg :$bill. ;$c23 cm 500 $aContiene indici. 650 4$aDiritto penale.$0(OLS)http://pul/subject/1808 850 $aPUL 852 $aPUL$W1$xSL Diritto e Scienze Sociali 1$y4$m178 C 19(int. 4)$j51715$nBK-PRI$b $qStampati$B51715$CPULBib$Z2$F51715 $H $81 941 1 $a8 960 $aPena (diritto)$91808 960 $aPena (diritto)$91808 961 $aINV: Legato con altri volumi. 996 $6245$aAll'inclito tribunale Pontificio di appellazione sedente in Bologna difesa dell'avvocato Lugi Borsari in favore di Giuseppe Giuliani ..$9(OLS)http://pul/title/51493 996 $6260$aBologna :$bTipi della Volpe e del Nobili$9(OLS)http://pul/publisher/63493 LEADER 01068nam a2200265 a 4500 001 000000163447 003 CaOOAMICUS 005 20171018152732.0 008 171018s1983 it m u000 u fre r 032 $aLibriCat 040 $aPUL$bita 100 1 $aDuncan, James.$0(OLS)http://pul/name/104992 245 10$aCoislin 213 : $bEuchologe de la Grande Église /$cJames Duncan. 260 $aRoma :$b[s.n.],$c1983. 300 $acxxxiii, 155 p. ;$c24 cm. 502 $aTesi. Pontificio Istituto Orientale. 1980. 504 $aBibliografia in nota a piè pagina. 650 4$aEucologia.$0(OLS)http://pul/subject/43978 710 2 $aPontificio Istituto Orientale.$kTesi.$0(OLS)http://pul/name/104919 850 $aPUL 852 $aPUL$W1$xDP1 Tesi Pon. Ist. Orientale$y39$mTH ORIE 118$j187579$qTesi$B190683$CPULBib$Z2$F190683 $H52007 $82 941 1 $a16 996 $6245$aCoislin 213 : $bEuchologe de la Grande Église$9(OLS)http://pul/title/203162 996 $6260$aRoma :$b[s.n.]$9(OLS)http://pul/publisher/47958